Flags of Countries With Less Than 1 Million People - Statistics

General Stats
  • This quiz has been taken 8 times
  • The average score is 35 of 38
Answer Stats
Picture Answer % Correct
Andorra
100%
Antigua And Barbuda
100%
Bahamas
100%
Barbados
100%
Belize
100%
Bhutan
100%
Brunei
100%
Fiji
100%
Guyana
100%
Iceland
100%
Liechtenstein
100%
Luxembourg
100%
Maldives
100%
Malta
100%
Monaco
100%
Montenegro
100%
Palau
100%
San Marino
100%
Tonga
100%
Vatican City
100%
Cape Verde
83%
Comoros
83%
Dominica
83%
F.S. of Micronesia
83%
Grenada
83%
Kiribati
83%
Marshall Islands
83%
Nauru
83%
Samoa
83%
São Tomé and Príncipe
83%
Seychelles
83%
St. Kitts And Nevis
83%
St. Lucia
83%
St. Vincent And The Grenadines
83%
Suriname
83%
Tuvalu
83%
Vanuatu
83%
Solomon Islands
67%
No matching quizzes found
Score Distribution
Percent of People with Each Score
Percentile by Number Answered
Your Score History
You have not taken this quiz